Economics (Record no. 1371)

MARC details
000 -LEADER
fixed length control field 00400nam a22001697a 4500
005 - DATE AND TIME OF LATEST TRANSACTION
control field 20180223164952.0
008 - FIXED-LENGTH DATA ELEMENTS--GENERAL INFORMATION
fixed length control field 160523b xxu||||| |||| 00| 0 eng d
020 ## - INTERNATIONAL STANDARD BOOK NUMBER
ISBN 0307048645-X
041 ## - LANGUAGE CODE
Language code of text/sound track or separate title eng
082 ## - DEWEY DECIMAL CLASSIFICATION NUMBER
Item number 4072
Classification number 330
100 ## - MAIN ENTRY--AUTHOR NAME
Personal name Samualson & Nord House
245 ## - TITLE STATEMENT
Title Economics
260 ## - PUBLICATION, DISTRIBUTION, ETC. (IMPRINT)
Place of publication New Delhi
Name of publisher Academic Faundation
300 ## - PHYSICAL DESCRIPTION
Number of Pages 755
650 ## - SUBJECT ADDED ENTRY--TOPICAL TERM
Topical Term Management
942 ## - ADDED ENTRY ELEMENTS (KOHA)
Koha item type Books
Holdings
Lost status Damaged status Collection code Home library Current library Shelving location Date acquired Source of acquisition Cost, normal purchase price Full call number Accession Number Koha item type
    MANAGEMENT JRU Library JRU Library SHELF-58-B 23/05/2016 PURCHASE 355.00 330 4072 Books
    MANAGEMENT JRU Library JRU Library SHELF-58-B 23/05/2016 PURCHASE 355.00 330 4073 Books
    Reference JRU Library JRU Library SHELF-28-C 23/05/2016   355.00 330 4074 Books
    MANAGEMENT JRU Library JRU Library SHELF-58-B 23/05/2016 PURCHASE 355.00 330 4075 Books